000 00843nas a2200253 4500
001 BR8205234
003 BR-BrBNA
005 20231205085244.0
007 ta
008 230509b bl.|||p| |||| 00| 00por d
040 _aBR-BrBNA
_bpor
_cBiblioteca Nacional de Agricultura
041 _a(Pt)
072 _aN10; Q10
100 1 _aSoares, A.L.A. (Instituto Rio Grandense do Arroz, Porto Alegre (Brazil). Depto. de Obras e Assistencia Tecnica)
245 1 _aArmazens para sementes [Rio Grande do Sul, Brasil]
650 _aSEMENTE
650 _aTECNOLOGIA DE ALIMENTO
650 _aARMAZEM
650 _aARMAZENAMENTO DE ALIMENTO
650 _aRIO GRANDE DO SUL
773 0 _tLavoura Arrozeira (Brazil)
_xISSN 0023-9143
_g(Nov 1982), v. 35(339) p. 32-33
_wBR8205234
909 _a202311
_bLúcia
_c55
_dLúcia Elande
942 _2AGRIS
_n0
_cANA
999 _c110289
_d110289